Africa journal of medicine and medical sciences (Record no. 38037)
[ view plain ]
| 000 -LEADER | |
|---|---|
| fixed length control field | 00515nam a2200169Ia 4500 |
| 022 ## - INTERNATIONAL STANDARD SERIAL NUMBER | |
| ISSN | 11164077 |
| 050 ## - CALL MARK | |
| Classification number | RM 695 .A37/ |
| 245 #0 - TITLE STATEMENT | |
| Title | Africa journal of medicine and medical sciences |
| 260 ## - PUBLICATION, DISTRIBUTION, ETC. (IMPRINT) | |
| Place of publication | Ibadan |
| 260 ## - PUBLICATION, DISTRIBUTION, ETC. (IMPRINT) | |
| Name of publisher | College of Medicine, University of Ibadan and the University College Ibadan. |
| 260 ## - PUBLICATION, DISTRIBUTION, ETC. (IMPRINT) | |
| Year of publication | 2007 |
| 300 ## - PHYSICAL DESCRIPTION | |
| Number of Pages | 188 p. ; 29 cm. |
| 650 ## - SUBJECT ADDED ENTRY--TOPICAL TERM | |
| Topical Term | Medicine--Periodicals. Medical sciences--Periodicals. |
| 942 ## - ADDED ENTRY ELEMENTS (KOHA) | |
| Koha item type | Serials |
No items available.